Gahart's 2020 Intravenous medications : (Record no. 2304)
[ view plain ]
| 000 -LEADER | |
|---|---|
| fixed length control field | 01510cam a22003975i 4500 |
| 008 - FIXED-LENGTH DATA ELEMENTS--GENERAL INFORMATION | |
| fixed length control field | 230519t20202020mou f 001 0 eng d |
| 020 ## - INTERNATIONAL STANDARD BOOK NUMBER | |
| ISBN | 0323661386 |
| 020 ## - INTERNATIONAL STANDARD BOOK NUMBER | |
| ISBN | 9780323661386 |
| 020 ## - INTERNATIONAL STANDARD BOOK NUMBER | |
| ISBN | 9780323757386 |
| 020 ## - INTERNATIONAL STANDARD BOOK NUMBER | |
| ISBN | 0323757383 |
| 100 1# - MAIN ENTRY--AUTHOR | |
| Author | Gahart, Betty L., |
| 245 10 - TITLE STATEMENT | |
| Title | Gahart's 2020 Intravenous medications : |
| Remainder of title | a handbook for nurses and health professionals / |
| Statement of responsibility, etc | Betty L. Gahart, Adrienne R. Nazareno, Meghan Q. Ortega. |
| 250 ## - EDITION STATEMENT | |
| Edition statement | Thirty-sixth edition. |
| 300 ## - COLLATION | |
| Pagination | xxii, 1411 pages ; |
| 500 ## - GENERAL NOTE | |
| General note | Includes access code for student resources on Evolve. |
| 520 ## - SUMMARY, ETC. | |
| Summary, etc | Resource added for the Nursing-Associate Degree 105431, Practical Nursing 315431, and Nursing Assistant 305431 programs. |
| 650 #0 - TRACINGS | |
| Main Subject | Intravenous therapy |
| Subdivision (1st) | Handbooks, manuals, etc. |
| 650 #0 - TRACINGS | |
| Main Subject | Nursing |
| Subdivision (1st) | Handbooks, manuals, etc. |
| 650 #0 - TRACINGS | |
| Main Subject | Allied health personnel |
| Subdivision (1st) | Handbooks, manuals, etc. |
| 650 #0 - TRACINGS | |
| Main Subject | Injections, Intravenous. |
| 650 #0 - TRACINGS | |
| Main Subject | Intravenous therapy. |
| 650 #2 - TRACINGS | |
| Main Subject | Injections, Intravenous |
| 650 #2 - TRACINGS | |
| Main Subject | Infusions, Intravenous |
| 650 #6 - TRACINGS | |
| Main Subject | Thérapeutique intraveineuse |
| Subdivision (1st) | Guides, manuels, etc. |
| 650 #6 - TRACINGS | |
| Main Subject | Personnel paramédical |
| Subdivision (1st) | Guides, manuels, etc. |
| 650 #6 - TRACINGS | |
| Main Subject | Injections intraveineuses. |
| 650 #6 - TRACINGS | |
| Main Subject | Thérapeutique intraveineuse. |
| 650 #7 - TRACINGS | |
| Main Subject | Injections, Intravenous. |
| 650 #7 - TRACINGS | |
| Main Subject | Allied health personnel. |
| 650 #7 - TRACINGS | |
| Main Subject | Intravenous therapy. |
| 650 #7 - TRACINGS | |
| Main Subject | Nursing. |
| 700 1# - ADDITIONAL AUTHOR | |
| Additional Author | Nazareno, Adrienne R. |
| 700 1# - ADDITIONAL AUTHOR | |
| Additional Author | Ortega, Meghan Q. |
| 942 ## - ADDED ENTRY ELEMENTS (KOHA) | |
| Item type | Books |
| 082 04 - DEWEY DECIMAL CLASSIFICATION NUMBER | |
| Classification number | 615.58 |
| Source of classification or shelving scheme | Not for loan | Permanent location | Current location | Date acquired | Accession No. | Full call number | Barcode. | Koha item type |
|---|---|---|---|---|---|---|---|---|
| Library of Congress Classification | Samuel Ogbemudia Main Library, University of Abuja | Samuel Ogbemudia Main Library, University of Abuja | 03/13/2025 | 2024/63907 | RM170.G34 | 2025-0568 | Books |